=LDR 00000nam 2200000 4500 =001 INLIS000000000006063 =005 20251031104434 =035 ##$$a 0010-1025001118 =007 ta =008 251031###########################0#ind## =082 ##$$a 352.380 =084 ##$$a 352.380 J.B p =100 #$$a J.B. Kristiadi =245 1#$$a Pengembangan dan Pemanfaatan Aplikasi E-Goverment untuk Menujang Optimalisasi Penyelenggaraan Pemerintahan dan Pelayanan Publik /$c Badan Koordinasi Keluarga Berencana Nasional =260 ##$$a Jakarta :$b Badan Koordinasi Keluarga Berencana Nasional,$c 2001 =300 ##$$a 17 Hal : $b Ilus ; $c 21 =650 #4$$a Keluarga Berencana =856 ##$$a Perpustakaan Kemendukbangga